มุมมองปกติ
มุมมองแบบ MARC
- กลุ่มอนุภูมิภาคลุ่มแม่น้ำโขง
รายการ Geographic Name
001 - CONTROL NUMBER
- control field: 21293
003 - CONTROL NUMBER IDENTIFIER
- control field: NALT
005 - DATE AND TIME OF LATEST TRANSACTION
- control field: 20171120151810.0
008 - FIXED-LENGTH DATA ELEMENTS
- fixed length control field: 171120|| aca||aabn | a|a d
040 ## - CATALOGING SOURCE
- Original cataloging agency: NALT
151 ## - HEADING--GEOGRAPHIC NAME
- Geographic name: กลุ่มอนุภูมิภาคลุ่มแม่น้ำโขง
- General subdivision: ความสัมพันธ์ทางเศรษฐกิจระหว่างประเทศ
- Geographic subdivision: จีน
